Σας αρέσει ο Μπράμς ; Τα θαυμάσια σύννεφα
Αποθηκεύτηκε σε:
| Κύριος συγγραφέας: | |
|---|---|
| Άλλοι συγγραφείς: | |
| Μορφή: | Βιβλίο |
| Γλώσσα: | Greek French |
| Δημοσίευση: |
Αθήνα :
Γεωργιάδης,
1972.
|
| Σειρά: | Χρυσή σειρά
|
| Θέματα: | |
| Ετικέτες: |
Προσθήκη ετικέτας
Δεν υπάρχουν, Καταχωρήστε ετικέτα πρώτοι!
|
MARC
| LEADER | 00000nam a2200000 a 4500 | ||
|---|---|---|---|
| 001 | 1/126932 | ||
| 008 | 230627s1972####gr | ||| |||| ||gre|| | ||
| 040 | |a GR-MyUa |b gre |c GR-MyUa |e AACR2 | ||
| 041 | 1 | |a gre |h fre | |
| 082 | 7 | |a 843 |2 (23) | |
| 100 | 1 | |a Sagan, Francoise, |d 1935-2004. | |
| 245 | 1 | 0 | |a Σας αρέσει ο Μπράμς ; Τα θαυμάσια σύννεφα / |c Φρανσουάζ Σάγκαν ; μετάφραση : Κοσμά Πολίτη, Άρη Δικταίου. |
| 246 | 1 | |i Άλλοι τίτλοι : |a Aimez-vous Brahms | |
| 246 | 1 | |i Άλλοι τίτλοι : |a Les merveilleux nuages | |
| 260 | |a Αθήνα : |b Γεωργιάδης, |c 1972. | ||
| 300 | |a 277 σ. ; |c 22 εκ. | ||
| 490 | 1 | |a (Χρυσή σειρά) | |
| 500 | |a Τίτλοι πρωτοτύπων : Aimez -vous Brahms ; Les merveilleux nuages. | ||
| 500 | |a Υπάρχουν ξεχωριστές σελίδες τίτλου. | ||
| 650 | 0 | |a French literature. | |
| 700 | 1 | |a Πολίτης, Κοσμάς, |d 1888-1974, |e trl | |
| 740 | 3 | |a Τα θαυμάσια σύννεφα. | |
| 830 | 0 | |a Χρυσή σειρά | |
| 970 | |a Σιδερή |b Νεκταρία |z 27-06-2023 | ||